[Event "Samara Polugaevsky Memorial 7th"]
[Site "Samara"]
[Date "2017.07.14"]
[Round "7"]
[White "Suvorov, Aleksandr"]
[Black "Trifonov, Jaroslav"]
[Result "0-1"]
[WhiteElo "2196"]
[BlackElo "1871"]
[PlyCount "78"]
[EventDate "2017.07.08"]
[EventType "swiss"]
[EventRounds "9"]
[EventCountry "RUS"]
[SourceTitle "EXT 2018"]
[Source "ChessBase"]
[SourceDate "2017.10.13"]
[SourceVersion "1"]
[SourceVersionDate "2017.10.13"]
[SourceQuality "1"]

1. e4 c5 2. Nf3 Nc6 3. c3 d5 4. exd5 Qxd5 5. d4 Bg4 6. Be2 cxd4 7. cxd4 e6 8. h3 Bh5 9. 0-0 Nf6 10. Nc3 Qa5 11. Be3 Be7 12. a3 0-0 13. b4 Qd8 14. Rc1 Rc8 15. g4 Bg6 16. Ne5 Nxe5 17. dxe5 Ne4 18. Nxe4 Bxe4 19. Qa4 Qd5 20. Rxc8 Rxc8 21. Rd1 Qxe5 22. Qd7 Qc7 23. Bxa7 Qxd7 24. Rxd7 Rc1+ 25. Bf1 Bh4 26. g5 f5 27. Be3 Rb1 28. b5 Bf3 29. Rc7 e5 30. Rc1 Rxc1 31. Bxc1 f4 32. Bg2 Bxg2 33. Kxg2 Kf7 34. Kf3 Ke6 35. Ke4 Bxf2 36. Bb2 Bh4 37. Bxe5 f3 38. Kxf3 Kxe5 39. a4 Be1 0-1

[Event "Samara Polugaevsky Memorial 7th"]
[Site "Samara"]
[Date "2017.07.12"]
[Round "5"]
[White "Suvorov, Aleksandr"]
[Black "Malyshev, Grigory"]
[Result "0-1"]
[WhiteElo "2196"]
[BlackElo "2356"]
[PlyCount "68"]
[EventDate "2017.07.08"]
[EventType "swiss"]
[EventRounds "9"]
[EventCountry "RUS"]
[SourceTitle "EXT 2018"]
[Source "ChessBase"]
[SourceDate "2017.10.13"]
[SourceVersion "1"]
[SourceVersionDate "2017.10.13"]
[SourceQuality "1"]

1. e4 c6 2. d4 d5 3. exd5 cxd5 4. c4 Nf6 5. Nc3 g6 6. Qb3 Bg7 7. cxd5 0-0 8. g3 Na6 9. Bg2 b5 10. Nge2 b4 11. Nd1 Bb7 12. Ne3 Rb8 13. 0-0 Qd7 14. Nf4 Rfd8 15. Rd1 Ba8 16. h4 Nc7 17. d6 exd6 18. d5 a5 19. Nc4 a4 20. Qc2 Rb5 21. Be3 Nfxd5 22. Nxd5 Nxd5 23. Rxd5 Bxd5 24. Bxd5 Rxd5 25. Nb6 Qf5 26. Qc7 Rf8 27. Nxd5 Qxd5 28. Re1 Qxa2 29. Qxd6 Qxb2 30. Bc5 a3 31. Qd1 Rc8 32. Qd7 Rxc5 33. Re8+ Bf8 34. Qd8 Qg7 0-1

[Event "Samara Polugaevsky Memorial 7th"]
[Site "Samara"]
[Date "2017.07.11"]
[Round "4"]
[White "Gubajdullin, Alexey"]
[Black "Suvorov, Aleksandr"]
[Result "1/2-1/2"]
[WhiteElo "2386"]
[BlackElo "2196"]
[PlyCount "119"]
[EventDate "2017.07.08"]
[EventType "swiss"]
[EventRounds "9"]
[EventCountry "RUS"]
[SourceTitle "EXT 2018"]
[Source "ChessBase"]
[SourceDate "2017.10.13"]
[SourceVersion "1"]
[SourceVersionDate "2017.10.13"]
[SourceQuality "1"]

1. d4 d5 2. Bf4 Nf6 3. e3 c5 4. c3 Nc6 5. Nd2 Bf5 6. Ngf3 Qb6 7. dxc5 Qxb2 8. Qc1 Qxc1+ 9. Rxc1 Nh5 10. Nd4 Bd7 11. Rb1 Nxf4 12. exf4 e5 13. fxe5 Bxc5 14. N2b3 Bb6 15. f4 0-0 16. Kd2 Rae8 17. g3 f6 18. exf6 Rxf6 19. Bg2 Nxd4 20. Nxd4 Bc6 21. Rbe1 Rff8 22. Bh3 Kf7 23. Rxe8 Rxe8 24. Nxc6 bxc6 25. Bd7 Rd8 26. Bxc6 Rd6 27. Bb7 Rd7 28. Ba6 d4 29. Bc4+ Kf6 30. Rb1 Rc7 31. Kd3 dxc3 32. Kxc3 Rc5 33. Rb2 Rc7 34. a4 h6 35. Rb5 Rc5 36. Rb1 Rc7 37. Rd1 Ba5+ 38. Kb3 Rb7+ 39. Kc2 Rc7 40. Rd6+ Ke7 41. Re6+ Kd7 42. Re4 Kc6 43. f5 Kd6 44. Kd3 Bb6 45. Re6+ Kc5 46. f6 gxf6 47. Rxf6 Rd7+ 48. Kc3 Ba5+ 49. Kb3 Rb7+ 50. Bb5 Rb6 51. Rf5+ Kd4 52. Kc2 Rd6 53. Rf3 Bd8 54. Rf5 Rf6 55. Rh5 Rd6 56. Kb3 Rb6 57. a5 Rd6 58. a6 Rd5 59. Be8 Rxh5 60. Bxh5 1/2-1/2

[Event "Samara Polugaevsky Memorial 7th"]
[Site "Samara"]
[Date "2017.07.09"]
[Round "2"]
[White "Ovchinnikov, Vsevolod"]
[Black "Suvorov, Aleksandr"]
[Result "1-0"]
[WhiteElo "2381"]
[BlackElo "2196"]
[PlyCount "135"]
[EventDate "2017.07.08"]
[EventType "swiss"]
[EventRounds "9"]
[EventCountry "RUS"]
[SourceTitle "EXT 2018"]
[Source "ChessBase"]
[SourceDate "2017.10.13"]
[SourceVersion "1"]
[SourceVersionDate "2017.10.13"]
[SourceQuality "1"]

1. Nf3 Nf6 2. c4 d5 3. g3 dxc4 4. Qa4+ c6 5. Qxc4 Bf5 6. d3 e6 7. Bg2 Nbd7 8. 0-0 Be7 9. b3 0-0 10. Bb2 Rc8 11. Qc2 h6 12. Nbd2 Bh7 13. a3 c5 14. Ne5 Nxe5 15. Bxe5 Nd7 16. Bc3 b6 17. Qb2 Bf6 18. Rfc1 Bxc3 19. Rxc3 Nf6 20. b4 Qd4 21. Nb3 Qe5 22. bxc5 bxc5 23. Rac1 Nd7 24. d4 Qf6 25. Qa2 c4 26. Rxc4 Rxc4 27. Rxc4 Qd8 28. Qd2 Nb6 29. Rc1 Qd6 30. Qa5 Qb8 31. Qb5 Rc8 32. Rxc8+ Qxc8 33. Qc6 Qxc6 34. Bxc6 Bc2 35. Na5 Kf8 36. Bf3 Ba4 37. Kf1 Ke7 38. Ke1 Kd6 39. Kd2 Kc7 40. e4 e5 41. dxe5 Nd7 42. Be2 Nxe5 43. Kc3 f6 44. f4 Nd7 45. Kd4 Kd6 46. Nc4+ Ke7 47. Ne3 g6 48. Nd5+ Ke6 49. Bb5 Nb6 50. Bxa4 Nxa4 51. Nc7+ Kd7 52. Nb5 a6 53. Nc3 Nb2 54. Nd5 f5 55. exf5 gxf5 56. Ne3 Ke6 57. Kc5 Na4+ 58. Kb4 Nb6 59. Ka5 Nd5 60. Nxd5 Kxd5 61. Kxa6 Kc6 62. a4 h5 63. a5 Kd5 64. Kb5 Ke4 65. a6 Kf3 66. a7 Kg2 67. a8Q+ Kxh2 68. Qg8 1-0

[Event "Samara Polugaevsky Memorial 6th"]
[Site "Samara"]
[Date "2016.07.09"]
[Round "7"]
[White "Murzina, Agata"]
[Black "Suvorov, Aleksandr"]
[Result "0-1"]
[WhiteElo "1676"]
[BlackElo "1954"]
[PlyCount "66"]
[EventDate "2016.07.03"]
[EventType "swiss"]
[EventRounds "9"]
[EventCountry "RUS"]
[SourceTitle "EXT 2019"]
[Source "ChessBase"]
[SourceDate "2018.10.10"]
[SourceVersion "1"]
[SourceVersionDate "2018.10.10"]
[SourceQuality "1"]

1. e4 c5 2. Nf3 Nc6 3. d4 cxd4 4. Nxd4 e6 5. Bf4 a6 6. Nc3 d6 7. Nb3 b5 8. a3 Nf6 9. Be2 Be7 10. 0-0 0-0 11. Bf3 Bb7 12. Qe2 Qc7 13. Rad1 Rfd8 14. Rfe1 Ne5 15. Bxe5 dxe5 16. Qe3 b4 17. axb4 Bxb4 18. Rxd8+ Rxd8 19. Rd1 Bxc3 20. Rxd8+ Qxd8 21. Qxc3 Bxe4 22. Nc5 Bxf3 23. gxf3 h6 24. Nxa6 Qd1+ 25. Kg2 Nd5 26. Qxe5 g5 27. f4 Qg4+ 28. Kf1 Nxf4 29. Qe4 Qd1+ 30. Qe1 Qf3 31. Qe4 Qxe4 32. f3 Qe2+ 33. Kg1 Qg2# 0-1